Normal view MARC view

Entry Nombre personal

Number of records used in: 13

001 - NÚMERO DE CONTROL

  • campo de control: 25759

003 - IDENTIFICADOR DE NÚMERO DE CONTROL

  • campo de control: SpMaBN

005 - FECHA Y HORA DE LA ÚLTIMA TRANSACCIÓN

  • campo de control: 20230703154612.0

008 - ELEMENTOS DE DATO DE LONGITUD-FIJA

  • campo de control de longitud fija: 901120n| aijnnaabn a aaa

016 ## - NÚMERO DE CONTROL DE UNA AGENCIA BIBLIOGRÁFICA NACIONAL

  • Número de control del registro: BNE19900030261

024 7# - IDENTIFICADOR DE OTROS ESTÁNDARES

  • Número estándar o código: http://viaf.org/viaf/7427586/
  • Fuente: viaf

024 7# - IDENTIFICADOR DE OTROS ESTÁNDARES

  • Número estándar o código: https://isni.org/isni/0000000080862866
  • Fuente: isni

024 7# - IDENTIFICADOR DE OTROS ESTÁNDARES

  • Número estándar o código: http://www.wikidata.org/entity/Q3754176
  • Fuente: wikidata

040 ## - FUENTE DE CATALOGACIÓN

  • Centro catalogador/agencia de origen: SpMaBN
  • Lengua de catalogación: spa
  • Centro/agencia transcriptor: SpMaBN
  • Normas de descripción: rdc
  • Convención/Normas de encabezamiento de materia/tesauro: embne

046 ## - FECHAS CON CODIFICACIÓN ESPECIAL

  • Fecha de nacimiento: 1871
  • Fecha de la muerte: 1953

100 1# - ENCABEZAMIENTO-NOMBRE DE PERSONA

  • Nombre de persona: Baroja, Ricardo,
  • Fechas asociadas al nombre: 1871-1953

373 ## - GRUPO ASOCIADO

  • Grupo asociado: Ateneo de Madrid
  • Fuente de información: Cargos históricos del Ateneo de Madrid 1835-1936 (Archivo del Ateneo); Listado de socios anteriores a 1 de abril de 1939 (Archivo del Ateneo); Ateneístas ilustres I (2004)

374 ## - OCUPACIÓN

  • Ocupación: Escritores
  • Ocupación: Pintores
  • Fuente de información: Wikidata

375 ## - GÉNERO/SEXO

  • Género: Masculino

377 ## - IDIOMA ASOCIADO

  • Término de lengua/lenguaje: Español

400 1# - TRAZADO DE VÉASE--NOMBRE DE PERSONA

  • Nombre de persona: Baroja, R.,
  • Fechas asociadas al nombre: 1871-1953

400 1# - TRAZADO DE VÉASE--NOMBRE DE PERSONA

  • Nombre de persona: Baroja Nessi, Ricardo,
  • Fechas asociadas al nombre: 1871-1953

400 1# - TRAZADO DE VÉASE--NOMBRE DE PERSONA

  • Nombre de persona: Baroja y Nessi, Ricardo Juan Gualberto de la Santísima Trinidad,
  • Fechas asociadas al nombre: 1871-1953

400 0# - TRAZADO DE VÉASE--NOMBRE DE PERSONA

  • Nombre de persona: J. G. N.,
  • Fechas asociadas al nombre: 1871-1953

670 ## - FUENTE DE DATOS ENCONTRADOS

  • Cita de la fuente: Gente del 98, 1989

670 ## - FUENTE DE DATOS ENCONTRADOS

  • Cita de la fuente: Las inquietudes de Shanti Andía, 1986
  • Información encontrada: (il. Ricardo Baroja)

670 ## - FUENTE DE DATOS ENCONTRADOS

  • Cita de la fuente: Cronología de la literatura española, 1997
  • Información encontrada: vol. IV (Baroja, Ricardo; n. 1871-m. 1953)

670 ## - FUENTE DE DATOS ENCONTRADOS

  • Cita de la fuente: Dic. de pintores y escultores españoles del siglo XX, 1994
  • Información encontrada: (Baroja Nessi, Ricardo; n. 1871 en Minas de Riotinto, Huelva-m. 1953 en Vera de Bidasoa, Bilbao; pintor, grabador y literato; hermano de Pio Baroja)

670 ## - FUENTE DE DATOS ENCONTRADOS

  • Cita de la fuente: Dic. de seud. literarios españoles, de P. P. Rogers y F. A. Lapuente, 1977
  • Información encontrada: (Baroja, Ricardo: "J. G. N.")

670 ## - FUENTE DE DATOS ENCONTRADOS

  • Cita de la fuente: WWW BN España aut., 30/5/2023
  • Información encontrada: (Baroja, Ricardo, 1871-1953)

678 ## - DATOS BIOGRÁFICOS O HISTÓRICOS

  • Datos biográficos o históricos: Socio del Ateneo de Madrid n. 15577. Vicepresidente primero del Ateneo en 1931-32 (no debió de aceptar el cargo, pues quedó vacante y hubo de nuevo elecciones). Vicepresidente de la Sección de Artes Plásticas en 1931-32
  • Ampliación de la nota: Fuentes: Cargos históricos del Ateneo de Madrid 1835-1936 (Archivo del Ateneo); Listado de socios anteriores a 1 de abril de 1939 (Archivo del Ateneo); Ateneístas ilustres I (2004)